| 000 | 00345nam a2200121Ia 4500 | ||
|---|---|---|---|
| 008 | 231228s1994 xx 000 0 und d | ||
| 041 | _aeng | ||
| 082 |
_a4.5 _bCOO |
||
| 100 | _aCOOMBS (Test) / COOMBS (Tanson) | ||
| 245 | _aDbase 5 for windows programming for Dummies | ||
| 260 |
_aNew Delhi _bMoscow Progress Pub. B _c1994 |
||
| 300 | _axx, 383 | ||
| 999 |
_c1080454 _d1080454 |
||